000
00313nam a2200145Ia 4500
100
_a
Bigelow/ Stephen J
942
_c
BK
654
_a
Troubleshooting
245
_a
Trouble Shootin
260
_b
Tata Mc Graw hill
_a
New Delhi
_c
1999
082
_a
4.5
_b
BIG
300
_a
1448
546
_a
ENGLISH
999
_c
28327
_d
28327